000 00520nam a2200181Ia 4500
001 12774
005 20260306163006.0
008 260306t2001||||xx |||||||||||||| ||spa||
041 _aESP
082 _aRD 261.8
_bP77
100 _aPonzo, Sergio
_eAUT
245 0 _aDizionario della dottrina sociale della chiesa:
_bdalla Rerum Novarum di Leone XIII, alla centesimus Annus di Giovanni Paolo II
260 _c2001
300 _a144 páginas :
_c20 cm.
650 _aGEN
654 _aCHU
942 _cLIB
_dJUS
_fJUS
_2ddc
_n
999 _c12774
_d12774